00373nam a2200133Ia 45000010005000000080041000050200022000460820022000681000034000902450048001242600024001729010028001969990015002244086241024s9999 xx 000 0 und d a978-9945-481-54-9 aRD/610.082/SA194s aFernando Sánchez Martínez 0aLa Mujer Médica en la sociedad Dominicana bSanto Domingoc2016 a20/5/2016 12:02:06 p.m. c8142d8142